Informatika v marketingu hutních výrobků.

Význam informatiky pre výskum trhu v hutníckom priemysle. Zdroje interných, externých, tuzemských a zahraničných informácií pre odvetvie. Charakteristika zahraničných publikácií a ich vydavateľov v oblasti hutníctva. Iné zdroje informácií (odvetvové štúdie, výskumné práce a i.).

Salvato in:
Dettagli Bibliografici
Autore principale: Macoun, K.
Natura: Capitolo di libro
Lingua:ceco
Soggetti:
Tags: Aggiungi Tag
Nessun Tag, puoi essere il primo ad aggiungerne!!

MARC

LEADER 00000naa a2200000 4500
001 r001600
005 20220819175158.4
041 0 |a cze 
044 |a [CS] 
245 1 0 |a Informatika v marketingu hutních výrobků.  |c K. Macoun 
520 |a Význam informatiky pre výskum trhu v hutníckom priemysle. Zdroje interných, externých, tuzemských a zahraničných informácií pre odvetvie. Charakteristika zahraničných publikácií a ich vydavateľov v oblasti hutníctva. Iné zdroje informácií (odvetvové štúdie, výskumné práce a i.). 
610 2 0 |a informatika 
610 2 0 |a marketing 
610 2 0 |a výrobky hutnícke 
610 2 0 |a informácie obchodno-ekonomické 
100 1 |a Macoun, K.